000 00390pam a2200145 a 4500
020 _a9781447165620
_c
041 _aeng
082 _a617.3
_bTRA
100 _aTRIAL I . A . FLEMING A. N .
245 _aDISORDER OF THE Hand SWELLING TUMOURS SURGICAL TECHNIQUES VOL .04
_hTextual Documents
260 _bSPRINGER
_c2015
300 _a280:
_bXI;
_cHB.
930 _a7530
999 _c802057
_d802057
650 _aORTHO